00973cam a22002771 4500001001300000003000400013005001700017008004100034010001700075025001900092035002000111040002500131042001200156050002500168110005800193245006400251250002900315260004400344300002500388500006200413650004400475650003100519650002600550710010200576999001700678sa 67003093 DLC20260227112335.0861113s1965 ii r 000 0 eng  asa 67003093  aPL480:I-E-6354 a(OCoLC)14706110 aDLCcWaUdOCoLCdDLC apremarc00aHD9705.I42bA52 19651 aIndia.bDirectorate General of Technical Development.10aImport policy for actual users for machinery and equipment. a2d ed. (as on 15-2-1965) aDelhi,bManager of Publications,c1965. aviii, 281 p.c25 cm. aFirst ed. issued by the Development Wing, Govt. of India. 0aMachinery industryzIndiavDirectories. 0aMachinery industryzIndia. 0aImport quotaszIndia.1 aIndia (Republic).bDevelopment Wing.tImport policy for actual users for machinery and equipment. c73620d73620